=LDR 00000nam 2200000 4500 =001 INLIS000000000021215 =005 20130612120107 =008 ***********************************Ind** =035 ##$$0010-061300000021215 =041 ##$$a Ind =082 ##$$a 428.07 =090 ##$$a 428.07, Hea e =100 ##$$a Heasley, Brendan =245 ##$$a English in use for SMU 3B, Brendan Heasley =260 ##$$a 1996 $b Jakarta =300 ##$$a ...jil, 18 cm =650 ##$$a Bahasa inggris =850 ##$$a NBPNMAT